00239nam a2200109Ia 4500100002000000654001400020245003900034260002600073082001000099300000800109546001200117 aPai/Vinayak R.  aMechanics aFundamentals in Applied Mechanics bA.V.G Prakashanc2001 a620.1 a304 aENGLISH